000 00809nam a2200181 4500
010 _aHIN-128685
020 _a9788181662555
_c200.00
035 _aHN-101031
037 _bDBAD
082 _2द्वितीय
_a
245 _aमेरा हिंदुस्तान :
_bजिम कॉर्बेट /
_cसंजीवदत्त द्वारा अनुवादित
250 _aद्वितीय संस्करण
260 _a दिल्ली
_bमेधा बुक्स
_c2011
270 _aएक्स-11, नवीन शाहदरा ,
_bदिल्ली
_e110032
_mmpmdtp@yahoo.com
300 _a216पृ.
_c21सेमी(सजिल्द)
700 _aसंजीवदत्त
_972891
942 _2ddc
_cHN
_e1
_h
_mमेराहिं
999 _c206448
_d206448